| 000 | 01390nam a22003857a 4500 | ||
|---|---|---|---|
| 001 | 000064927 | ||
| 003 | CHAP | ||
| 005 | 20220817043034.0 | ||
| 008 | 971010s1985 r 00010 d | ||
| 010 | _a63603 | ||
| 011 | _a64575 | ||
| 035 | _a70261 | ||
| 040 | _cCHAP | ||
| 082 |
_a333.332 _bC36 |
||
| 100 | 0 | 0 |
_aCapraro Tuset, Héctor Mario. _918731 |
| 245 | 0 | _aEstudios sobre la teoría de la renta del suelo. | |
| 260 |
_aChapingo, Méx, : _bUACH. Departamento de Sociología Rural, _c1985. |
||
| 300 | _a291 p. | ||
| 590 |
_aBATCH-UPD _b10 _c20130110 _lUCH01 _h1950 |
||
| 590 |
_aBATCH-UPD _b10 _c20130410 _lUCH01 _h1312 |
||
| 590 |
_aBATCH-UPD _b10 _c20130914 _lUCH01 _h2046 |
||
| 590 |
_aCONVERSION _b10 _c20130109 _lUCH01 _h1334 |
||
| 590 |
_aE11695DGD _b10 _c20170521 _lUCH01 _h1439 |
||
| 650 | 1 | 4 |
_aTierras _xArrendamiento. _9113092 |
| 710 | 0 |
_aUACH. Departamento de Economía Agrícola. _9115862 |
|
| 710 | 0 | _aUACH. Departamento de Sociología Rural. | |
| 710 | 0 | _aUACH. Dirección de Difusión Cultural. | |
| 901 | _aBK | ||
| 942 | _cLIBRO | ||
| 942 | _n0 | ||
| 949 |
_a333.332 C36 _bBC _cLIBRO _d33724000340733 _eLIBRO _h70668 _i70261 _si |
||
| 949 |
_a333.332 C36 _bBC _cLIBRO _d33724000340758 _eLIBRO _fc.4 _h73162 _i70261 _so |
||
| 949 |
_a333.332 C36 _bBC _cLIBRO _d33724000340824 _eLIBRO _fc.2 _h70669 _i70261 _si |
||
| 949 |
_a333.332 C36 _bBC _cUACH _d-66975 _eUACH _fc.3 _h70670 _i70261 _si |
||
| 999 |
_c63603 _d63603 |
||